Giáo trình phương pháp nghiên cứu tâm lý học Dùng cho đào tạo cử nhân tâm lý học

Giới thiệu về phương pháp luận và tiến trình nghiên cứu tâm lý học. Xây dựng cơ sở lí luận và lựa chọn khách thể nghiên cứu. Các phương pháp nghiên cứu tâm lý học. Trình bày về các loại đo lường và phương pháp xử lý, phân tích thống kê thông dụng nhất trong các nghiên cứu tâm lý học...

Mô tả đầy đủ

Đã lưu trong:
Chi tiết về thư mục
Tác giả chính: Hoàng Mộc Lan
Định dạng: Sách
Ngôn ngữ:Vietnamese
Được phát hành: H. Đại học Quốc gia Hà Nộ 2017
Những chủ đề:
Các nhãn: Thêm thẻ
Không có thẻ, Là người đầu tiên thẻ bản ghi này!
Thư viện lưu trữ: Mạng thư viện Đại học Đà Nẵng
LEADER 01681nam a2200349 4500
001 000025138
003 21629
005 20170515100550.0
008 170515s2017 viesd
020 |c 69500 
041 0 |a vie 
082 1 4 |a 150.072  |b HO-L 
100 1 |a Hoàng Mộc Lan 
245 1 0 |a Giáo trình phương pháp nghiên cứu tâm lý học  |b Dùng cho đào tạo cử nhân tâm lý học  |c Hoàng Mộc Lan 
260 |a H.  |b Đại học Quốc gia Hà Nộ  |c 2017 
300 |a 310 tr.  |b bảng, sơ đồ  |c 24 cm. 
500 |a ĐTTS ghi: Đại học Quốc gia Hà Nội. Trường đại học Khoa học Xã hội và Nhân văn. Khoa Tâm lý học 
520 3 |a Giới thiệu về phương pháp luận và tiến trình nghiên cứu tâm lý học. Xây dựng cơ sở lí luận và lựa chọn khách thể nghiên cứu. Các phương pháp nghiên cứu tâm lý học. Trình bày về các loại đo lường và phương pháp xử lý, phân tích thống kê thông dụng nhất trong các nghiên cứu tâm lý học 
650 0 4 |a Tâm lí học  |v Giáo trình  |x Dạy và học 
653 |a Phương pháp nghiên cứu 
653 |a Giáo trình 
653 |a Tâm lí học 
OWN |a LSP 
AVA |a UDN50  |b LSP  |d 150.072 HO-L  |e check_holdings  |t Error 5003 Not defined in file expand_doc_bib_avail.  |h N  |k 1 
999 |a From the UDN01 
AVA |a UDN50  |b LSP  |d 150.072 HO-L  |e available  |t Error 5001 Not defined in file expand_doc_bib_avail.  |f 20  |g 7  |h N  |i 97  |k 1 
TYP |a Monograph 
TYP |a Printed language 
980 |a Mạng thư viện Đại học Đà Nẵng